00827nam a2200241Ia 450000500170000000800410001702000150005804000180007304100080009108200200009910000240011924501050014325000370024826000660028530000280035165000270037965000370040665000400044365000430048370000220052670000190054870000180056720220211113322.0210716s2009 xx 000 0 und d a0070146802 cAIMIT LIBRARY aeng a651.7211bLESR aLesikar, Raymond V. aBusiness communication : bmaking connections in a digital world /cBy Raymond V. Lesikar...[et al.] a11th ed.bSpecial Indian Edition aNew Delhi :bTata McGraw Hill Publishing Company Ltd ,c2009. axxix, 737p. ;c23.7 cm. aBusiness Communication aFundamentals of Business Writing aBasic Patterns of Business Messages aOthers Forms of Business Communication aFlatley, Marie E. aRentz, Kathryn aPande, Neerja